French Names of Countries - Statistics

General Stats
  • This quiz has been taken 27 times
  • The average score is 66 of 131
Answer Stats
English French % Correct
Albania Albanie
100%
Algeria Algérie
100%
Andorra Andorre
100%
Mexico Mexique
91%
Argentina Argentine
82%
Armenia Arménie
82%
Australia Australie
82%
Belgium Belgique
82%
Brazil Brésil
82%
China Chine
82%
Colombia Colombie
82%
Finland Finlande
82%
Germany Allemagne
73%
Austria Autriche
73%
Benin Bénin
73%
Bolivia Bolivie
73%
Bulgaria Bulgarie
73%
Croatia Croatie
73%
Ethiopia Éthiopie
73%
Georgia Géorgie
73%
Greece Grèce
73%
Guyana Guyane
73%
Haiti Haïti
73%
Japan Japon
73%
Libya Libye
73%
Malta Malte
73%
Mongolia Mongolie
73%
Nepal Népal
73%
Norway Norvège
73%
Netherlands Pays-Bas
73%
Russia Russie
73%
Slovenia Slovénie
73%
Switzerland Suisse
73%
North Korea Corée du Nord
64%
Egypt Égypte
64%
Spain Espagne
64%
Estonia Estonie
64%
United States of America États-Unis
64%
Gambia Gambie
64%
Guinea Guinée
64%
India Inde
64%
Israel Israël
64%
Italy Italie
64%
Mauritania Mauritanie
64%
Senegal Sénégal
64%
Serbia Serbie
64%
Somalia Somalie
64%
Syria Syrie
64%
Tunisia Tunisie
64%
South Africa Afrique du Sud
55%
Antigua and Barbuda Antigua-et-Barbuda
55%
Cameroon Cameroun
55%
South Korea Corée du Sud
55%
Denmark Danemark
55%
Dominica Dominique
55%
Grenada Grenade
55%
Guinea-Bissau Guinée-Bissau
55%
Indonesia Indonésie
55%
Ireland Irlande
55%
Micronesia Micronésie
55%
Namibia Namibie
55%
Sweden Suède
55%
Chad Tchad
55%
Vietnam Viêt Nam
55%
Zambia Zambie
55%
Barbados Barbade
45%
Chile Chili
45%
Cyprus Chypre
45%
Hungary Hongrie
45%
Iraq Irak
45%
Iceland Islande
45%
Jamaica Jamaïque
45%
Latvia Lettonie
45%
Lithuania Lituanie
45%
Morocco Maroc
45%
Mauritius Maurice
45%
Montenegro Monténégro
45%
New Zealand Nouvelle-Zélande
45%
Dominican Republic République dominicaine
45%
United Kingdom Royaume-Uni
45%
San Marino Saint-Marin
45%
Sudan Soudan
45%
Tanzania Tanzanie
45%
Thailand Thaïlande
45%
Yemen Yémen
45%
Belarus Biélorussie
36%
Cambodia Cambodge
36%
Cape Verde Cap-Vert
36%
Fiji Fidji
36%
Marshall Islands Îles Marshall
36%
Lebanon Liban
36%
Moldova Moldavie
36%
Poland Pologne
36%
Republic of the Congo République du Congo
36%
Romania Roumanie
36%
Saint Lucia Sainte-Lucie
36%
Saint Vincent and the Grenadines Saint-Vincent-et-les-Grenadines
36%
Sao Tome and Principe São Tomé-et-Principe
36%
Singapore Singapour
36%
Slovakia Slovaquie
36%
South Sudan Soudan du Sud
36%
Turkey Turquie
36%
Saudi Arabia Arabie saoudite
27%
Bahrain Bahreïn
27%
Bhutan Bhoutan
27%
Comoros Comores
27%
Ecuador Équateur
27%
Equatorial Guinea Guinée équatoriale
27%
North Macedonia Macédoine du Nord
27%
Malaysia Malaisie
27%
Uganda Ouganda
27%
Uzbekistan Ouzbékistan
27%
Peru Pérou
27%
El Salvador Salvador
27%
East Timor Timor oriental
27%
Myanmar Birmanie
18%
Bosnia and Herzegovina Bosnie-Herzégovine
18%
United Arab Emirates Émirats arabes unis
18%
Solomon Islands Îles Salomon
18%
Kuwait Koweït
18%
Papua New Guinea Papouasie-Nouvelle-Guinée
18%
Central African Republic République centrafricaine
18%
Democratic Republic of the Congo République démocratique du Congo
18%
Czech Republic République tchèque
18%
Tajikistan Tadjikistan
18%
Trinidad and Tobago Trinité-et-Tobago
18%
Turkmenistan Turkménistan
18%
Azerbaijan Azerbaïdjan
9%
Eritrea Érythrée
9%
Kyrgyzstan Kirghizistan
9%
Saint Kitts and Nevis Saint-Christophe-et-Niévès
0%
No matching quizzes found
Score Distribution
Percent of People with Each Score
Percentile by Number Answered
Your Score History
You have not taken this quiz